| 000 | 00810nam a22001937a 4500 | ||
|---|---|---|---|
| 999 |
_c371581 _d371581 |
||
| 008 | 201127b ||||| |||| 00| 0 eng d | ||
| 040 |
_aDE-2950 _bger _cDE-2950 _erda |
||
| 041 | _ager | ||
| 245 |
_aÜber mehrere Grenzen hinweg. _bAustausch: Seit Jahrzehnten fördert das Deutsch-Polnische Jugendwerk Begegnungen von Jugendlichen. Erst wurden wegen Corona viele Treffen storniert. Jetzt wegen des Ukraine-Krieges/ _cDietrich Schröder |
||
| 264 | _c2022 | ||
| 653 | _aFrankfurt (Oder) | ||
| 653 | _aDeutsch-Polnisches Jugendwerk | ||
| 653 | _aJugendaustausch | ||
| 773 |
_dFrankfurt (Oder) Märkisches Verlags- und Druckhaus GmbH & Co KG _tMärkische Oderzeitung _g33. Jahrgang (2022) Nr. 91 vom 20.04.2022, S. 9 |
||
| 942 | _cA | ||